Ako môže vyzerať Trumpov múr

Otázka hranice medzi USA a Mexikom ako silný motív v predvolebnej kampani Donalda Trumpa. Prísľub vybudovania nepriechodného múru. Návrhy firiem a architektov, ktorí sa zapojili do štátneho tendra na stavbu hranice.

Salvato in:
Dettagli Bibliografici
Autore principale: Garaj, Patrik
Natura: Capitolo di libro
Lingua:slovacco
Soggetti:
Tags: Aggiungi Tag
Nessun Tag, puoi essere il primo ad aggiungerne!!

MARC

LEADER 00000naa a2200000 4500
001 0229661
005 20170427142833.9
041 0 |a slo 
044 |a SK 
245 1 0 |a Ako môže vyzerať Trumpov múr  |c Patrik Garaj 
520 |a Otázka hranice medzi USA a Mexikom ako silný motív v predvolebnej kampani Donalda Trumpa. Prísľub vybudovania nepriechodného múru. Návrhy firiem a architektov, ktorí sa zapojili do štátneho tendra na stavbu hranice. 
610 2 0 |a hranice štátne 
610 2 0 |a obrana štátu 
610 2 0 |a bezpečnosť 
610 2 0 |a migrácia nelegálna 
610 2 0 |a drogy 
610 2 0 |a kontrola 
610 2 0 |a stavby 
610 2 0 |a architektúra 
610 2 0 |a USA 
610 2 0 |a Mexiko 
100 1 |a Garaj, Patrik